Statistics for Canada A-Z

Click here to take the quiz!

General Stats

  • This quiz has been taken 10,896 times
    (10,152 since last reset)
  • The average score is 21 of 26

Answer Stats

ClueAnswer% Correct
QFrench-speaking provinceQuébec
97%
TMost populous cityToronto
97%
OCapital cityOttawa
96%
MObject on the Canadian flagMaple Leaf
96%
P______ Edward IslandPrince
95%
AOne of the Prairie ProvincesAlberta
94%
V2010 Winter Olympics hostVancouver
91%
YTerritory that borders AlaskaYukon Territory
88%
HLargest ocean bayHudson Bay
85%
IGroup of people indigenous
to the Canadian arctic
Inuit
85%
BVictoria is its capitalBritish Columbia
84%
ENorthernmost major cityEdmonton
82%
WCapital of ManitobaWinnipeg
81%
XFamously tolerant, Canada has a
low rate of this "phobia"
{Xeno}phobia
81%
DGinger ale brand: Canada ___Dry
81%
SCommon activity in WhistlerSkiing
80%
LJustin Trudeau's partyLiberal
79%
ZMost common Canadian
spelling of the letter Z
Zed
78%
RAnother word for caribouReindeer
77%
CNHL hockey team, or a slang
term for Canadians
Canucks
76%
GSomething that goes on poutineGravy
72%
NNewest territoryNunavut
66%
K1890s gold rushKlondike
64%
UWaterloo or McGill, for exampleUniversity
57%
FHas some of the highest tides
in the world: Bay of _____
Fundy
57%
JNational Park in the RockiesJasper
43%

Score Distribution

Percentile by Number Answered

Percent of People with Each Score

Your Score History

You have not taken this quiz since the last reset